Advances in energy transfer processes : Proceedings of the 16th course of the International School of Atomic and Molecular Spectroscopy : Erice, Sicily, Italy, 17 June-1 July, 1999

This volume describes advances in both experimental and theoretical treatments in the field of energy transfer processes that are relevant to various fields, such as spectroscopy, laser technology, phosphors, artificial solar energy conversion, and photobiology. It presents the principles and availa...

Description complète

Enregistré dans:
Détails bibliographiques
Format: Livre
Langue:Undetermined
Publié: River Edge, NJ World Scientific c2001
Sujets:
Tags: Ajouter un tag
Pas de tags, Soyez le premier à ajouter un tag!
Thư viện lưu trữ: Trung tâm Học liệu Trường Đại học Cần Thơ
LEADER 01303nam a2200205Ia 4500
001 CTU_156863
008 210402s9999 xx 000 0 und d
082 |a 530.138 
082 |b A244/2001 
245 0 |a Advances in energy transfer processes : 
245 0 |b Proceedings of the 16th course of the International School of Atomic and Molecular Spectroscopy : Erice, Sicily, Italy, 17 June-1 July, 1999 
245 0 |c Editors, Baldassare Di Bartolo, Xuesheng Chen 
260 |a River Edge, NJ 
260 |b World Scientific 
260 |c c2001 
520 |a This volume describes advances in both experimental and theoretical treatments in the field of energy transfer processes that are relevant to various fields, such as spectroscopy, laser technology, phosphors, artificial solar energy conversion, and photobiology. It presents the principles and available techniques through specific examples. In addition, it examines current and possible applications, including the most recent developments, and projects future advances and research possibilities in the field. 
650 |a Energy transfer,Charge transfer,Electronic excitation 
650 |x Chuyển điện tích,Điện tử kích thích 
904 |i Trọng Hiếu 
980 |a Trung tâm Học liệu Trường Đại học Cần Thơ